000 00793nam a2200313Ia 4500
008 160716s9999||||xx |||||||||||||| ||und||
040 _cHindi
082 _avii.A (author)
082 _bBORI-45107
100 _aHajariprasad dvivedi
245 _aBanabhatt ki atmakatha
250 _b5th
260 _aMumbai
260 _b"Yashodhar modi, managing director of hindi granth ratnakar pvt ltd."
260 _c1963
300 _a10+316
300 _cA
300 _eHardbound
530 _bchauhan D. V.
530 _u00049432.pdf
563 _aStudy
600 _aHajariprasad dvivedi
630 _aBanabhatt ki atmakatha
650 _aAuthor
650 _aClassical lit.
700 _aHajariprasad dvivedi
730 _aBanabhatt ki atmakatha
942 _cBOOK
999 _c1396018
_d1396015